000 00219nam a2200097Ia 4500
008 190216s9999||||xx |||||||||||||| ||und||
100 _aNull
245 0 _aHindi-Shahidi Aur Sohade
260 _bSahithyasadan
942 _cBK
999 _c18355
_d18355